000 00500nam a2200157 i 4500
001 75253
003 ES-MaACL
005 20230906172402.0
007 t|
008 040923s1920 ag ||||1| spa d
100 1 _aGonzález Vega, Federico.
_959010
245 1 3 _aLa extradición de los titulados culpables de la guerra
_b: conferencia... /
_cFederico González Vega.
260 _aBuenos Aires :
_bEmpresa editorial "Germania",
_c1920.
300 _a31 p. ;
_c20 cm.
852 _aES-MaACL
_j1604-F-12
999 _c75253
_d75253